000 00453nam a2200157Ia 4500
008 241206s9999||||xx |||||||||||||| ||und||
020 _a9789830610900
_c0
040 _beng
_cSSK Library
_erda
082 _a621.3/MEH
100 _a V.K. Mehta -
245 0 _aPrinciples Of Electrical Engineering And Electronics
260 _b S. Chand & Company Ltd.
_c©1999
942 _2Dewey Decimal Classification
_cBOOK
_nNo
999 _c16555
_d16555
003 OSt
005 20241206223250.0